000 00414cam a2200181 4500
001 D8626
008 090401t1984 xxu||||| |||| 00| 0 eng d
035 _a(Sirsi) u14222
041 _aeng
050 _a692.5
100 _aSeeley, Ivor Hugh
245 _aQuantity surveying practice
260 _aLondon
_bMacMillan
_c1984
300 _axi. 318p. 23cm
350 _a8.95
942 _n0
948 _c04/03/1997
999 _c87160
_d87160